000 00342nam a2200145Ia 4500
005 20251222154320.0
008 251222s9999||||xx |||||||||||||| ||spa||
020 _a8428209383
082 _a594.0471/D23
100 _aDance, S. Peter
245 0 _aConchas Marinas:
250 _a1ra. ed.
264 _b Ediciones Omega, S.A.
942 _cLIB
999 _c33725
_d33725